000 00862cam a22002653a 4500
001 36500
003 PGUSA
005 20140828083805.0
008 110623s2011||||xxu|||||s|||||000 1 eng d
040 _aPGUSA
_beng
042 _adc
050 4 _aPZ
100 1 _aWesterman, Percy F.
_q(Percy Francis),
_d1876-1959
245 1 4 _aThe Dispatch-Riders :
_bThe Adventures of Two British Motor-cyclists in the Great War
_h[electronic resource] /
_cPercy F. Westerman
260 _bProject Gutenberg,
_c2011
506 _aPublic domain in the USA.
516 _aElectronic text
653 _aMotorcycles -- Juvenile fiction
653 _aWorld War, 1914-1918 -- Juvenile fiction
653 _aAdventure stories
700 1 _aGillett, Frank,
_d1874-1927
830 0 _aProject Gutenberg
_v36500
856 4 0 _uhttp://www.gutenberg.org/ebooks/36500
942 _cEB
999 _c265755
_d265755